| 000 | 00000nam 2200000zi 4500 |
| 001 | 9.937054 |
| 003 | CaOODSP |
| 005 | 20250414090323 |
| 006 | m o d f |
| 007 | cr c|||||||||| |
| 008 | 240418t20242024oncao o f000 0 eng d |
| 020 | |a9780660714622 |
| 040 | |aCaOODSP|beng|erda|cCaOODSP |
| 043 | |an-cn--- |
| 086 | 1 |aPH4-203/2024E-PDF |
| 245 | 04|aThe biodigital convergence : |bcross-cutting policy implications. |
| 264 | 1|a[Ottawa] : |bPolicy Horizons Canada = Horizons de politiques Canada, |c[2024]. |
| 264 | 4|c©2024 |
| 300 | |a1 online resource (27 pages) : |billustrations, photographs |
| 336 | |atext|btxt|2rdacontent |
| 337 | |acomputer|bc|2rdamedia |
| 338 | |aonline resource|bcr|2rdacarrier |
| 500 | |aCover title. |
| 500 | |aAt head of title : Economic futures. |
| 500 | |aIssued also in French under title: La convergence bionumérique : conséquences politiques transversales. |
| 520 | |a"Biological and digital systems are coming together in profound ways, creating a new domain called the biodigital convergence. Digital technology and living things are increasingly able to communicate and interact with each other. Digital technology can be embedded into living organisms, and biological components can be incorporated into new technologies"--Introduction, page 06. |
| 650 | 0|aBiotechnology|zCanada. |
| 650 | 0|aBiotechnology|xGovernment policy|zCanada. |
| 710 | 2 |aPolicy Horizons Canada, |eissuing body. |
| 775 | 08|tLa convergence bionumérique : |w(CaOODSP)9.937055 |
| 856 | 40|qPDF|s2.25 MB|uhttps://publications.gc.ca/collections/collection_2025/hpc-phc/PH4-203-2024-eng.pdf |
| 856 | 4 |qHTML|sN/A|uhttps://horizons.service.canada.ca/en/2024/12/24/biodigit-convergence-implication/index.shtml |